000 00773nam a22002537a 4500
005 20170123162327.0
010 _aB-058106
020 _c75.00
035 _aB-058106
037 _bCen Lib/Ret
040 _aDPL
_bUR
082 _a841
_bا خ ت
100 _aاختر سید خان
_9506
245 _aسُرخیِ شامِ سفر /
_cاختر سید خان
246 _aSurkh-e-sham-e-safar /
_bby Akhtar Syyad Khan
260 _aبھوپال
_bمدھیہ پردیش اردو اکادمی
_c2000
270 _bبھوپال
300 _a144p.
_c21cm(Hb)
650 _aادب --اردو
_9119893
650 _aاردو نظم
_9119894
650 _aLiterature -- Urdu
_9119895
650 _aUrdu poetry
_9119896
942 _2ddc
_cUR
_hن
_mا خ ت
999 _c107528
_d107528